000 00383cam a22001452a 4500
001 000605
003 AR-FADEU
008 311216n1982####xxu####################dd
100 _aIazky, Arnoldo
245 _aLey 22259 y Código de minas : un análisis jurídico a la luz de la economía minera
260 _aBuenos Aires
260 _c1982
650 _aMINERIA
942 _cFOLLETO
999 _c1322
_d1322